书目信息 |
| 题名: |
关键在问
|
|
| 作者: | 尼尔森 著 ;屠彬 译 | |
| 分册: | ||
| 出版信息: | 北京 教育科学出版社 2016 |
|
| 页数: | 319页 | |
| 开本: | 24cm | |
| 丛书名: | 学校引导力提升丛书 | |
| 单 册: | ||
| 中图分类: | G424.1 | |
| 科图分类: | ||
| 主题词: | 教学法--jiao xue fa--研究 | |
| 电子资源: | ||
| ISBN: | 978-7-5191-0805-2 | |
| 000 | 01307nam0 22003011 450 | |
| 001 | 1754476371 | |
| 005 | 20170516112211.0 | |
| 010 | @a978-7-5191-0805-2@dCNY49.80 | |
| 100 | @a20170123d2016 em y0chiy50 ea | |
| 101 | 1 | @achi@ceng |
| 102 | @aCN@b110000 | |
| 105 | @ay z 000yy | |
| 106 | @ar | |
| 200 | 1 | @a关键在问@9guan jian zai wen@e焦点讨论法在学校中的应用@f(加)乔·尼尔森著@g屠彬译 |
| 210 | @a北京@c教育科学出版社@d2016 | |
| 215 | @a319页@d24cm | |
| 225 | 2 | @a学校引导力提升丛书@9xue jiao yin dao li ti sheng cong shu |
| 312 | @a封面英文题名:The art of focused conversation for schools: over 100 ways to guide clear thingking and promote learning | |
| 330 | @a本书由理论、应用、焦点讨论法应用示例、附录四部分构成,涵盖了在学校中运用焦点讨论法的重要性、焦点讨论法的结构、焦点讨论法的理论基础等具体内容。 | |
| 461 | 0 | @12001 @a学校引导力提升丛书 |
| 510 | 1 | @aArt of focused conversation for schools@eover 100 ways to guide clear thingking and promote learning@zeng |
| 517 | 1 | @a焦点讨论法在学校中的应用@9jiao dian tao lun fa zai xue jiao zhong de ying yong |
| 606 | 0 | @a教学法@9jiao xue fa@x研究 |
| 690 | @aG424.1@v5 | |
| 701 | 0 | @c(加)@a尼尔森@9ni er sen@c(Nelson, Jo)@4著 |
| 702 | 0 | @a屠彬@9tu bin@4译 |
| 801 | 0 | @aCN@b百万庄@c20170512 |
| 905 | @b1005180-5@dG424.1@e286@f6 | |
| 关键在问:焦点讨论法在学校中的应用/(加)乔·尼尔森著/屠彬译.-北京:教育科学出版社,2016 |
| 319页;24cm.-(学校引导力提升丛书) |
| ISBN 978-7-5191-0805-2:CNY49.80 |
| 本书由理论、应用、焦点讨论法应用示例、附录四部分构成,涵盖了在学校中运用焦点讨论法的重要性、焦点讨论法的结构、焦点讨论法的理论基础等具体内容。 |
| ● |
| 相关链接 |
|
|
|
|
正题名:关键在问
索取号:G424.1/286
 
预约/预借
| 序号 | 登录号 | 条形码 | 馆藏地/架位号 | 状态 | 备注 |
| 1 | 1005180 | 210051806 | 第一样本阅览室/ [索取号:G424.1/286] | 在馆 | |
| 2 | 1005181 | 210051815 | 教育系资料室/ [索取号:G424.1/286] | 在馆 | |
| 3 | 1005182 | 210051824 | 教育系资料室/ [索取号:G424.1/286] | 在馆 | |
| 4 | 1005183 | 210051833 | 教育系资料室/ [索取号:G424.1/286] | 在馆 | |
| 5 | 1005184 | 210051842 | 第四借阅区/ [索取号:G424.1/286] | 在馆 | |
| 6 | 1005185 | 210051851 | 第四借阅区/ [索取号:G424.1/286] | 在馆 |